000 00510nam a22001937a 4500
003 OSt
005 20140310181809.0
008 130705t xxu||||| |||| 00| 0 eng d
020 _a1855348993
050 _aG 1021
_b.T779 2000
082 _aREF 912
_bT69 2000
245 _aTraveller's atlas of the world
260 _aScotland :
_bGeddes & Grosset,
_cc2000.
300 _a188 p. :
_bill. col. ;
_c35 cm.
521 _aBasic Ed. Students
541 _j1
562 _e1
942 _2lcc
_cBK-GR
_kREF
999 _c3873
_d3873